Le Portugal en Images - Statistiques

Statistiques générales
  • Ce quiz a été pris 587 fois
    285 depuis la dernière actualisation
  • Le résultat moyen est 11 sur 16
Statistiques - réponses
Par images Hint Réponse % Correct
Athlète : Cristiano Ronaldo
100%
Ville : Lisbonne
95%
Pâtisserie : Pastel de Nata
90%
Ville : Porto
84%
Club : Benfica SL
81%
Région : Madère
67%
Ville : Faro
64%
Navigateur : Fernand de Magellan
63%
Marque de Bières : Sagres
63%
Athlète : Luis Figo
62%
Politicien : António de Oliveira Salazar
61%
Plat : Francesinha
61%
Navigateur : Vasco de Gama
61%
Art : Azulejo
55%
Évènement : La Révolution des Œillets
53%
Ville : Braga
43%
Aucun quiz correspondant
Distribution des résultats
% des personnes avec chaque résultat
Percentile par nombre de réponses
Votre historique - résultats
Vous n’avez pas pris ce quiz depuis la dernière actualisation